Statystyki dla Nazwij filmy z serii Gwiezdnych Wojen

Kliknij tutaj aby rozwiązać quiz!

Ogólne statystyki

  • Ten quiz został rozwiązany 3 933 razy
  • Średni wynik to 7 z 9

Statystyki odpowiedzi

Rok wydaniaEpizodPodtytuł% Poprawnych
19774Nowa Nadzieja
85%
19805Imperium kontratakuje
82%
20053Zemsta Sithów
80%
19836Powrót Jedi
78%
20178Ostatni Jedi
75%
19991Mroczne widmo
74%
20157Przebudzenie mocy
73%
20022Atak Klonów
71%
20199Skywalker: Odrodzenie
58%

Rozkład punktacji

Percentyl według liczby udzielonych odpowiedzi

Procent ludzi z każdym wynikiem

Twoja historia wyników

Nie rozwiązałeś tego quizu